000 00344nam a2200145Ia 4500
008 230917s9999||||xx |||||||||||||| ||und||
040 _e62944
_aMAIN
041 _aEnglish
082 _a658.4 F929Q
100 _aFrost, Peter J
245 0 _aOrganisation reality
260 _aCalifornia
_bGood Year
_c1978
300 _a461 p.
942 _cBK
999 _c201457
_d201457